| 000 | 00825 a2200277 4500 | ||
|---|---|---|---|
| 999 |
_c200045570 _d32987 |
||
| 001 | 200045570 | ||
| 003 | TR-AnTOB | ||
| 005 | 20241007084513.0 | ||
| 008 | 121015s1985 tu 000 0 | ||
| 040 |
_aTR-AnTOB _cTR-AnTOB |
||
| 041 | _aeng | ||
| 050 | 0 | 0 |
_aQ123 _b.Y35 1985 |
| 090 | _aREF Q123.Y35 1985 | ||
| 100 | 1 |
_aYalçınkaya, Lütfi _984318 |
|
| 245 | 1 | 0 |
_aPictorial basic science dictionary / _cLütfi Yalçınkaya,. |
| 264 | 1 |
_aAnkara : _bArdıç, _c1985. |
|
| 300 |
_a200 p. : _bill. _c13 cm. |
||
| 336 |
_2rdacontent _atext _btxt |
||
| 337 |
_2rdamedia _aunmediated _bn |
||
| 338 |
_2rdacarrier _avolume _bnc |
||
| 490 | 0 |
_aArdıç yayınları. _aSözlük Dizisi ; _v01 |
|
| 650 | 0 |
_aScience _vDictionaries _9100746 |
|
| 650 | 0 |
_aBilim _vSözlükler _9100745 |
|
| 942 |
_cREF _2lcc |
||